[Event "AUTO-INT-2907"]
[Site "http://www.queenalice.com/game.php?id=1311969"]
[Date "2014.10.2"]
[Round "1"]
[White "DiegoTinoco"]
[Black "bkm"]
[Result "1-0"]
[WhiteElo "1792"]
[BlackElo "1771"]

1. e4 e5 2. Nf3 Nc6 3. Bc4 Nf6 4. d3 Bb4+ 5. c3 Ba5 6. b4 Bb6 7. a4 a5 8. b5 Na7
9. Nxe5 d6 10. Nxf7 Qd7 11. Nxh8 d5 12. exd5 Nxd5 13. Qe2+ Kf8 14. Qh5 Nf6 15.
Qf7+ Qxf7 16. Nxf7 Bf5 17. Ng5 Re8+ 18. Kd1 Bxf2 19. Ba3+ c5 20. Rf1 Ng4 21. Kd2
Be3+ 22. Kc2 Nxh2 23. Rxf5+ Ke7 24. Re5+ Kd7 25. Rxe8 Kxe8 26. Ne6 b6 27. Nxg7+
Kd7 28. Nd2 h6 29. Nf5 1-0

[Event "AUTO-INT-2907"]
[Site "http://www.queenalice.com/game.php?id=1311970"]
[Date "2014.10.2"]
[Round "1"]
[White "bkm"]
[Black "DiegoTinoco"]
[Result "0-1"]
[WhiteElo "1700"]
[BlackElo "1786"]

1. e4 e5 2. Nf3 Nc6 3. Bb5 d6 4. d4 f6 5. d5 a6 6. Qe2 axb5 7. Qxb5 Bd7 8. dxc6
Bxc6 9. Qb3 Bxe4 10. Nc3 Bxf3 11. gxf3 b6 12. Nd5 Ne7 13. Qb5+ Qd7 14. Qxd7+
Kxd7 15. Nxe7 Bxe7 16. c4 Ra4 17. b3 Ra6 18. Rg1 g5 19. a4 h6 20. Ke2 f5 21. b4
c6 22. Be3 d5 23. b5 cxb5 24. cxb5 Raa8 25. Bxb6 Rhc8 26. a5 Bc5 27. Rgb1 Bxb6
28. axb6 Rxa1 29. Rxa1 Rb8 30. Ra7+ Kd6 31. Rh7 Rxb6 32. Rxh6+ Kc5 33. Rh5 Rg6
34. Ke3 Kxb5 35. h4 gxh4 36. Rxh4 d4+ 37. Kd3 Rc6 38. Rh5 Rf6 39. f4 Kc5 40.
fxe5 Rf8 41. e6 Kd6 42. e7 Kxe7 43. Kxd4 Ke6 44. Rh6+ Rf6 45. Rxf6+ Kxf6 46. Ke3
Kg5 47. Kf3 f4 48. Ke4 Kg4 49. f3+ Kg3 50. Kf5 Kxf3 51. Ke5 Ke3 52. Kf5 f3 53.
Kg4 f2 54. Kg3 f1=Q 55. Kg4 Ke4 0-1

[Event "AUTO-INT-2907"]
[Site "http://www.queenalice.com/game.php?id=1311977"]
[Date "2014.10.2"]
[Round "1"]
[White "bkm"]
[Black "Mariojose"]
[Result "1-0"]
[WhiteElo "1762"]
[BlackElo "1575"]

1. e4 e5 2. Nf3 d6 3. d4 exd4 4. Nxd4 Nf6 5. Nc3 Qe7 6. Qf3 Bg4 7. Qf4 Qe5 8.
Qxe5+ dxe5 9. Ndb5 Na6 10. Bg5 Bd7 11. Nd5 Bd6 12. Nxd6+ cxd6 13. Bxa6 Nxd5 14.
Bxb7 Rb8 15. Bxd5 h6 16. Bh4 O-O 17. O-O Rfc8 18. c4 Rc5 19. b3 Bc6 20. Be7 Bxd5
21. cxd5 Rb7 22. Bxd6 Rc2 23. Bxe5 Re7 24. Bd4 Rd2 25. Rfd1 Re2 26. e5 Re4 27.
d6 Rd7 28. Rac1 Rd8 29. Rc7 a6 30. d7 g6 31. Rc8 Rf8 32. Rxf8+ 1-0

[Event "AUTO-INT-2907"]
[Site "http://www.queenalice.com/game.php?id=1311978"]
[Date "2014.10.2"]
[Round "1"]
[White "Mariojose"]
[Black "bkm"]
[Result "1-0"]
[WhiteElo "1575"]
[BlackElo "1734"]

1. e4 e5 2. Nf3 Nc6 3. Bb5 a6 4. Bxc6 bxc6 5. Nxe5 Qe7 6. d4 Nf6 7. Nc3 Bb7 8.
f3 d5 9. Qd3 g6 10. Ng4 Nxg4 11. fxg4 dxe4 12. Qxe4 Qxe4+ 13. Nxe4 c5 14. Nf6+
Ke7 15. Bg5 cxd4 16. O-O-O c5 17. Nxh7+ Ke6 18. Rde1+ Kd6 19. Bf4+ Kc6 20. Ng5
Bh6 21. Kb1 Bxg5 22. Bxg5 Kb6 23. Re7 Bxg2 24. Rhe1 Rxh2 25. a3 Bd5 26. Rd7 Rh1
27. Rxh1 Bxh1 28. Rd6+ Kb5 29. Rd7 Re8 30. b3 f5 31. a4+ Kc6 32. Rg7 Re6 33.
gxf5 gxf5 34. Bf4 Re4 35. Rg6+ Kd5 36. Rd6# 1-0

[Event "AUTO-OPEN-3372"]
[Site "http://www.queenalice.com/game.php?id=1319502"]
[Date "2014.10.31"]
[Round "1"]
[White "bkm"]
[Black "mathematician1961"]
[Result "0-1"]
[WhiteElo "1662"]
[BlackElo "1854"]

1. e4 e5 2. Nf3 Nc6 3. Bb5 a6 4. Ba4 Nf6 5. Nc3 Bc5 6. O-O O-O 7. d3 d6 8. Re1
Nd4 9. h3 c6 10. Nxd4 Bxd4 11. Be3 a5 12. Bxd4 exd4 13. Ne2 b5 14. Bb3 a4 15.
Nxd4 Qb6 16. c3 axb3 17. Nxb3 c5 18. c4 Be6 19. Qc2 Rfb8 20. a4 bxa4 21. Nd2
Qxb2 22. Rec1 Nh5 23. Ra2 Qxc2 24. Rcxc2 Nf4 25. Ra3 Bd7 26. g3 Ne2+ 27. Kg2 Nd4
28. Rca2 Rb4 29. Nf3 Bxh3+ 30. Kxh3 Nxf3 0-1

[Event "AUTO-OPEN-3372"]
[Site "http://www.queenalice.com/game.php?id=1319506"]
[Date "2014.10.31"]
[Round "1"]
[White "bkm"]
[Black "AAABBB"]
[Result "0-1"]
[WhiteElo "1705"]
[BlackElo "2683"]

1. e4 d6 2. Nf3 Nf6 3. Nc3 g6 4. d4 Bg7 5. Bc4 O-O 6. e5 dxe5 7. Nxe5 Nfd7 8.
Nxd7 Nxd7 9. O-O Nb6 10. b3 Nxc4 11. bxc4 c5 12. Bb2 cxd4 13. Nb5 a6 14. Nxd4
Qb6 15. Rb1 Rd8 16. Ba1 Qa7 17. Nb5 Rxd1 18. Nxa7 Rxb1 19. Rxb1 Rxa7 20. Bxg7
Kxg7 21. c5 a5 22. f4 a4 23. a3 Ra5 24. Rb4 Rxc5 25. Rxa4 Rxc2 26. Re4 Kf6 27.
a4 Bd7 28. g4 Bxg4 29. Rb4 Bf3 30. a5 Rg2+ 31. Kf1 Rxh2 32. Rb6+ Kf5 33. a6 bxa6
34. Rxa6 h5 35. Ra7 Kxf4 36. Rxe7 h4 37. Rxf7+ Ke3 38. Re7+ Be4 39. Rxe4+ Kxe4
40. Kg1 Ra2 0-1

[Event "AUTO-OPEN-3372"]
[Site "http://www.queenalice.com/game.php?id=1319507"]
[Date "2014.10.31"]
[Round "1"]
[White "AAABBB"]
[Black "bkm"]
[Result "1-0"]
[WhiteElo "2627"]
[BlackElo "1702"]

1. e4 e5 2. Qh5 Qf6 3. Bc4 Nh6 4. d3 Bc5 5. Bxh6 Bxf2+ 6. Ke2 Bxg1 7. Rxg1 Qxh6
8. Bxf7+ Ke7 9. Qxe5+ Kxf7 10. Rf1+ Kg6 11. Qf5# 1-0

[Event "AUTO-ADV-3276"]
[Site "http://www.queenalice.com/game.php?id=1319569"]
[Date "2014.10.31"]
[Round "1"]
[White "mvson33"]
[Black "bkm"]
[Result "0-1"]
[WhiteElo "1961"]
[BlackElo "1696"]

1. e4 e5 2. Nf3 Nc6 3. Bb5 a6 4. Ba4 b5 5. Bb3 Nf6 6. d3 Bb4+ 7. c3 Ba5 8. Bg5
h6 9. Bh4 O-O 10. O-O d6 11. Nbd2 Bg4 12. Bc2 b4 13. c4 Nd4 14. b3 Bxf3 15. Nxf3
Nxf3+ 16. Qxf3 c5 17. Qe2 Re8 18. f4 exf4 19. Rxf4 g5 20. Rxf6 Qxf6 21. Bg3
Qxa1+ 22. Bd1 Qd4+ 0-1

[Event "AUTO-ADV-3276"]
[Site "http://www.queenalice.com/game.php?id=1319570"]
[Date "2014.10.31"]
[Round "1"]
[White "bkm"]
[Black "mvson33"]
[Result "0-1"]
[WhiteElo "1688"]
[BlackElo "1878"]

1. e4 d5 2. d3 dxe4 3. dxe4 Qxd1+ 4. Kxd1 Bd7 5. Bc4 Nc6 6. Nf3 O-O-O 7. Bd2 h6
8. Nc3 f6 9. Bxg8 Rxg8 10. Re1 e5 11. h3 Bb4 12. a3 Ba5 13. Nd5 Bxd2 14. Kxd2
Be6 15. c4 Nb8 16. Kc3 c6 17. Ne7+ Kc7 18. Nxg8 Rxg8 19. Rad1 Nd7 20. b4 Nf8 21.
g4 Ng6 22. Rd2 Nf4 23. h4 Bxg4 24. Nh2 Be6 25. Red1 g5 26. b5 Rh8 27. bxc6 Kxc6
28. Kb4 Rc8 29. Rd8 Kc7 30. Rxc8+ Kxc8 31. Kb5 Kc7 32. c5 Nh3 33. Rd2 Nf4 34. f3
Bh3 35. Rd6 Be6 0-1

[Event "AUTO-ADV-3276"]
[Site "http://www.queenalice.com/game.php?id=1319585"]
[Date "2014.10.31"]
[Round "1"]
[White "agilulfo"]
[Black "bkm"]
[Result "1-0"]
[WhiteElo "1947"]
[BlackElo "1592"]

1. d4 d5 2. c4 Nc6 3. cxd5 Qxd5 4. Nc3 Qxd4 5. Nb5 Qxd1+ 6. Kxd1 Bf5 7. Nxc7+
Kd7 8. Nxa8 Kc8 9. Bf4 e5 10. Be3 Kb8 11. Nb6 axb6 12. Bxb6 Nd4 13. Bxd4 exd4
14. Nf3 Bc5 15. Ne5 Nh6 16. g3 Re8 17. Nc4 Ng4 18. Ke1 d3 19. e3 Bb4+ 20. Nd2
Bxd2+ 21. Kxd2 1-0

[Event "AUTO-ADV-3276"]
[Site "http://www.queenalice.com/game.php?id=1319586"]
[Date "2014.10.31"]
[Round "1"]
[White "bkm"]
[Black "agilulfo"]
[Result "0-1"]
[WhiteElo "1594"]
[BlackElo "1964"]

1. e4 c5 2. c3 d6 3. d4 Nf6 4. Bd3 c4 5. Bxc4 Nxe4 6. Qf3 d5 7. Bb5+ Bd7 8.
Bxd7+ Qxd7 9. Nd2 Nxd2 10. Bxd2 g6 11. O-O-O Nc6 12. Nh3 Bg7 13. Ng5 O-O 14.
Rhe1 e6 15. b3 b5 16. Qh3 h5 17. Re3 Bh6 18. Rf3 Qe7 19. b4 Bxg5 20. Bxg5 Qxg5+
0-1

[Event "AUTO-ADV-3276"]
[Site "http://www.queenalice.com/game.php?id=1319595"]
[Date "2014.10.31"]
[Round "1"]
[White "Capixaba789"]
[Black "bkm"]
[Result "1-0"]
[WhiteElo "1899"]
[BlackElo "1697"]

1. e4 e5 2. Nf3 Nc6 3. d4 Qe7 4. d5 Nd4 5. Nxd4 exd4 6. Qxd4 Nf6 7. Bd3 c5 8.
Qe3 d6 9. Nc3 g6 10. Bd2 Bg7 11. O-O Ng4 12. Qg3 O-O 13. h3 Ne5 14. Be2 Bd7 15.
f4 Nc6 16. dxc6 Bxc6 17. Bf3 Bxc3 18. Bxc3 Bxe4 19. Bxe4 Qxe4 20. Qh4 d5 21.
Rfe1 Qxc2 22. Qh6 f6 23. Re7 Rf7 24. Rxf7 Kxf7 25. Qxh7+ Ke6 26. Qxb7 d4 27.
Qxa8 dxc3 28. Qe8+ Kf5 29. Qc8+ Kxf4 30. Qg4+ Ke3 31. bxc3 Kd3 32. Qxg6+ Kxc3
33. Qxc2+ Kxc2 34. h4 c4 35. h5 Kb2 36. Rf1 c3 37. h6 a6 38. h7 c2 39. h8=Q c1=Q
40. Rxc1 1-0

[Event "AUTO-ADV-3276"]
[Site "http://www.queenalice.com/game.php?id=1319596"]
[Date "2014.10.31"]
[Round "1"]
[White "bkm"]
[Black "Capixaba789"]
[Result "0-1"]
[WhiteElo "1654"]
[BlackElo "1886"]

1. e4 Nf6 2. Nc3 d5 3. d3 dxe4 4. dxe4 Qxd1+ 5. Kxd1 c6 6. e5 Nd5 7. Nxd5 cxd5
8. Nf3 Bg4 9. Be2 e6 10. h3 Bh5 11. Nd4 Bxe2+ 12. Kxe2 Na6 13. Nb5 Bc5 14. Be3
Bxe3 15. fxe3 O-O 16. Nd6 b6 17. b3 Nc5 18. c4 dxc4 19. Nxc4 Rfd8 20. Rad1 Ne4
21. Rxd8+ Rxd8 22. Kf3 Nd2+ 23. Nxd2 Rxd2 24. a4 Rb2 25. Rc1 g6 26. Rc7 a5 27.
Rc3 Kg7 28. Kf4 Rxg2 29. Rc6 Rb2 30. Rxb6 h5 31. Rb5 Kh6 32. h4 g5+ 33. hxg5+
Kg6 34. e4 Rg2 35. Rxa5 Rg4+ 36. Kf3 Kxg5 37. b4 h4 38. Rc5 Rf4+ 39. Kg2 Rxe4
40. b5 Rxa4 41. b6 Rb4 42. Rc6 Kf5 43. Rc5 Rxb6 0-1